| 000 | 01082nam0a22002651 4500 | ||
|---|---|---|---|
| 001 | rc\865808 | ||
| 005 | 20260407142224.0 | ||
| 035 | _a(NLR Aleph) 006044846 | ||
| 090 |
_a4742886 _c4742886 |
||
| 100 | _a20041129d1984 |||y0rusy50 ca | ||
| 101 | 0 | _arus | |
| 102 | _aRU | ||
| 105 | _aa ||||||||| | ||
| 200 | 1 |
_aСтолкновения частиц и ядер с ядрами при промежуточных и высоких энергиях _e[Сб. ст.] _fАН МССР, Ин-т прикл. физики _g[Редкол.: В.А. Москаленко (отв. ред.) и др.] |
|
| 210 |
_aКишинев _cШтиинца _d1984 |
||
| 215 |
_a92 с. _cграф. _d21 |
||
| 300 | _aРез.: англ. | ||
| 320 | _aБиблиогр. в конце ст. | ||
| 702 | 1 |
_aМоскаленко _bВ.А. _gВсеволод Анатольевич _4340 |
|
| 712 | 0 | 2 |
_aИнститут прикладной физики _cКишинев _3RU\NLR\AUTH\8810011752 _9521225 |
| 801 | 0 |
_aRU _bNLR _gpsbo |
|
| 801 | 1 |
_aRU _bELAR _2rusmarc |
|
| 852 |
_aNLR _j85-6/1141 |
||
| 942 | _cBOOK | ||
| 980 | _aNB | ||